00515nam a22001577a 450000500170000001000150001702000260003203500140005803700130007208200080008510000210009324500610011426000710017527000840024630000270033020220511151509.0 aENG-132594 a9789384566098c300.00 aEN-116126 bDBAD/PUB a921 aKothari, Namrata aMan And Nation:bMonograph Series No.3/cNamrata Kothari bSecretary Institute Of Social And Cultural Studies c2018aKolkata a484/2, Dr. Suresh Sarkar RoadbKolkatae700014k033-65339003miccskol@gmail.com a194pc20cm(pbk)bIndex